000 01130nam a2200301 c 4500
999 _c56829
_d56829
003 BLK
005 20220719124829.0
008 180408b bul|||||r ||||||| ||bul||
010 _aKNG00060815000
040 _aBLK
041 _aBUL
_cBUL
080 _aПсихология
_b159.9
_x(075.8)
_z159.9(075.8)
100 1 _aИванова, Здрава Борисова
_eпърви автор
_9287145
139 _aИванова, Здрава Борисова
_bИ 22
245 1 0 _aПсихология на труда
_bУчебник за студенти педагози
_cЗдрава Борисова Иванова.
257 _aBGR
260 _aСофия
_bНаука и изкуство
_c1972
_fВ. Търново : Д. Найденов
300 _a360 с.
_c20 см
380 _a1
500 _aБиблиогр. с. 349-356.
650 4 _aТруд - психология - учебници за ВУЗ
_9251915
653 _aпсихология на труда
852 _aЦб 65065
_bЦб
856 4 _qpdf
856 4 _qpdf
942 _cKNG
_n0
_s1
944 _aCR
_c13.06.2004
_kДиана_Димитрова
944 _aED
_c09.07.2013
944 _aED
_c2022-07-19
999 _d56829